000 00719nam a2200241 i 4500
001 16997
003 ES-MaACL
005 20250802101658.0
007 t|
008 001213s1998 sp ||||1| spa d
020 _a84-339-1497-9
080 _a821.111-31"19"
100 1 _aRhys, Jean.
_996666
245 1 0 _aAncho mar de los Sargazos /
_cJean Rhys ; traducción de Andrés Bosch.
250 _a1ª ed. en "Compactos".
260 _aBarcelona :
_bAnagrama,
_c1998.
300 _a186 p. ;
_c19 cm.
490 1 _aCompactos Anagrama ;
_v166
700 1 _aBosch, Andrés,
_d1926-1984
_9160182
830 0 _aCompactos Anagrama ;
_v166
_9180205
852 _aES-MaACL
_jL-24061
_bR.129094
999 _c16997
_d16997